| 000 | 00595nam a2200169 i 4500 | ||
|---|---|---|---|
| 001 | 85448 | ||
| 003 | ES-MaACL | ||
| 005 | 20230906175238.0 | ||
| 007 | t| | ||
| 008 | 041129s1957 sp ||||1| spa d | ||
| 100 | 1 |
_aJuan José de la Inmaculada _cFray. _967125 |
|
| 245 | 1 | 3 |
_aEl Santo desierto de San José de Rigada (Santander) / _cFray Juan José de la Inmaculada. |
| 260 |
_aVitoria : _bEl Carmen, _c[1957] ( _fS. Católica) |
||
| 300 |
_a119 p., 1 lám. : _bil. ; _c21 cm. |
||
| 500 | _aEs separata de: "El Desierto de la Provincia de San Joaquín" | ||
| 852 |
_aES-MaACL _jC-14479 _bR.42015 |
||
| 999 |
_c85448 _d85448 |
||